|
|
|
|
| LEADER |
01018nam a2200217 i 4500 |
| 005 |
20220609121705.0 |
| 008 |
220609t1989 gr ||||| |||| 00| 0 eng d |
| 952 |
|
|
|0 0
|1 0
|2 ddc
|4 0
|6 808_800000000000000_ΒΙΒ
|7 0
|9 361087
|a LISP
|b LISP
|c DON
|d 2022-06-09
|e ΣΚΑ
|i 257495
|l 0
|o 808.8 ΒΙΒ
|p 025000293035
|r 2022-06-09 00:00:00
|t 1
|v 2022.00
|w 2022-06-09
|y BKN
|
| 999 |
|
|
|c 211001
|d 211001
|
| 020 |
|
|
|a 9600100926
|
| 040 |
|
|
|a GR-PaULI
|b gre
|c GR-PaULI
|e AACR2
|
| 082 |
0 |
4 |
|2 23
|a 808.8
|
| 245 |
1 |
0 |
|a Βιβλιαγάπη :
|b για το παιδί και το βιβλίο /
|c Βίτω Αγγελοπούλου ...[και ά.].
|
| 260 |
|
|
|a [Αθήνα] :
|b Gutenberg,
|c 1989.
|
| 300 |
|
|
|a 136 σ. :
|b εικ. ;
|c 24 εκ.
|
| 490 |
1 |
|
|a Βιβλία για το βιβλίο / Gutenberg
|
| 650 |
|
4 |
|9 4848
|a Παιδική λογοτεχνία
|
| 700 |
|
|
|9 52789
|a Αγγελοπούλου, Βίτω
|e συγγραφέας.
|
| 830 |
|
0 |
|9 175944
|a Βιβλία για το βιβλίο (Gutenberg)
|
| 942 |
|
|
|2 ddc
|c BKN
|
| 998 |
|
|
|c ΣΑΤΛΑΝΗΣ
|d 2022-06
|